Introducción a la crítica textual del Nuevo Testamento
Gespeichert in:
| 1. Verfasser: | |
|---|---|
| Format: | Buch |
| Sprache: | Spanisch |
| Veröffentlicht: |
Pamplona
Verbo Divino
2000
|
| Ausgabe: | 2a. ed |
| Schriftenreihe: | Instrumentos para el Estudio de la Biblia, 3
|
| Schlagworte: | |
| Tags: |
Tag hinzufügen
Keine Tags, Fügen Sie den ersten Tag hinzu!
|
MARC
| LEADER | 00000nam a2200000 a 4500 | ||
|---|---|---|---|
| 001 | UCL9665 | ||
| 003 | CL-VaPUC | ||
| 008 | 040820e20000000SP |||||||||||||||||spa|d | ||
| 020 | |a 8481692697 | ||
| 082 | 0 | 4 | |a 220.6 |b OCA |2 21 |
| 100 | |a O'Callaghan, José |e autor |9 487570 | ||
| 245 | 1 | 0 | |a Introducción a la crítica textual del Nuevo Testamento |
| 250 | |a 2a. ed | ||
| 300 | |a 145 p | ||
| 942 | |c BK | ||
| 945 | |d 20040820 00:00:00 |a cmena | ||
| 260 | |a Pamplona |b Verbo Divino |c 2000 | ||
| 600 | 0 | 7 | |a NUEVO TESTAMENTO |2 CL-VaPUC |9 455857 |
| 600 | 0 | 7 | |a BIBLIA |2 CL-VaPUC |9 399806 |
| 650 | 0 | |a Textos sagrados |9 257605 | |
| 650 | 0 | |a Crítica e interpretación |9 255042 | |
| 583 | |a last modification |c 20130402 09:06:21 |k Rodrigo Vera | ||
| 490 | 0 | |a Instrumentos para el Estudio de la Biblia, 3 | |
| 999 | |c 310382 |d 310380 | ||
| 952 | |0 0 |1 0 |4 0 |6 220_600000000000000_OCA_2000 |7 0 |8 A |9 378730 |a BIBTEO |b BIBTEO |d 2019-11-21 |i 4050290 |l 3 |o 220.6 OCA 2000 |p 4050290 |q 2025-07-07 |r 2025-03-07 |s 2025-03-07 |w 2019-11-21 |y BK |k ICR | ||